000 01475nam a2200289 i 4500
003 DO-SdBNP
005 20240321112818.0
007 ta
008 091117s1989 dr ad b 000 0 spa d
040 _aDO-SdBNP
_bspa
_cBNPHU
_erda
082 4 _bL937m
_222
100 1 _aLuciano López, Margarita,
_d1950-
_eautor
_984993
245 1 0 _aMatemática para la vida :
_bcuarto grado nivel primario /
_cMargarita Luciano de Sang, Milagros Peña de Pérez
246 1 _aMatemática para la vida :
_b4to grado, libro de texto /
264 1 _aSanto Domingo :
_bSecretaría de Estado de Educación, Bellas Artes y Cultos.
_c1989.
300 _a158 páginas
_bilustraciones, grafícas
_c27 cm.
336 _2rdacontent
_atexto
_btxt
337 _2rdamedia
_asin mediación
_bn
338 _2rdacarrier
_avolumen
_bnc
500 _aRevisado y aprobado por la Dirección General de Currículum y Evaluación Educativa, como texto básico de matemática para el tercer grado del nivel primario
500 _aLibro de texto, nivel primario
505 0 _gUnidad 1 --
_tRelaciones entre conjuntos --
_gUnidad 2 --
_tConjuntos de los números naturales y romanos --
_gUnidad 3 --
_tOperaciones en el conjunto de los números naturales --
_gUnidad 4 --
_tRelaciones entre fracciones comunes y fracciones decimales --
_gUnidad 5 --
_tGeometría y mediciones --
590 _aInventariado, 2023/ YL
700 1 _aPeña de Pérez, Milagros,
_929589
_eautora.
910 _aYLockward
942 _2ddc
_cLBS1
999 _c55014
_d55014